| 000 | | | 06121cbc2a2200000#x 450 |
| 001 | | | 2216bfa2-2c15-4513-a657-82baa8b9c7fa |
| 005 | | | 20220323142138.0 |
| 100 | ## | $a | 20161019l18341834k l0rusy0189 ca |
| 101 | 0# | $a | rus |
| 102 | ## | $a | RU |
| 200 | 1# | $a | Дело о студентах кандидатах правоведения |
| | $e | продолжение дела 1828 года |
| | $h | Часть 2 |
| | $i | Отпуск сумм на путевые издержки и на содержание студентов в Берлине, также о возвращении в Россию последних девяти студентов |
| | $h | Отделение 3 |
| | $i | Бумаги с января 1834 года |
| | $j | 5 января - 7 ноября 1834 г. |
| 251 | ## | $c | Дело |
| 300 | ## | $a | Рукописный текст. Чернила |
| 801 | #0 | $a | RU |
| | $b | РГИА |
| | $c | 20161019 |
| 801 | #1 | $a | RU |
| | $b | ГлавНИВЦ |
| | $c | 20161019 |
| | $2 | rusmarc |
| 801 | #2 | $a | RU |
| | $b | ПБ им. Б.Н. Ельцина |
| | $c | 20170911 |
| | $g | RCR |
| | $2 | rusmarc |
| 850 | ## | $a | Федеральное казенное учреждение "Российский государственный исторический архив" |
| 852 | ## | $a | РГИА |
| | $j | 7 г) |
| 937 | ## | $h | РГИА |
| | $d | 12237819 |
| | $a | ASBIBLIO_SCAN |
| 462 | #0 | $1 | 001fd105331-b56c-4761-b2e5-7ce2af062809 |
| | $1 | 2001 |
| | $a | 1826-1850 гг. 1828 г. |
| | $v | Д. 7 г) |
| | $1 | 251 |
| | $c | Опись |
| | $1 | 852 |
| | $j | 1 |
| | $l | 1828 г. |
| 461 | #0 | $1 | 001b496cac4-a0a4-4a40-87e1-2448e1e72ec5 |
| | $1 | 2001 |
| | $a | Второе отделение Собственной Его Императорского Величества Канцелярии |
| | $1 | 251 |
| | $c | Фонд |
| | $1 | 852 |
| | $j | 1261 |
| 215 | ## | $a | 94 листов |
| | $d | 35,5х23 см |
| 371 | ## | $a | Документ не является опубликованным и широко распространяемым |
| 105 | ## | $a | y### |
| 122 | 2# | $a | d18340105## |
| | $a | d18341107## |
| 035 | ## | $a | 2216bfa2-2c15-4513-a657-82baa8b9c7fa |
| 856 | ## | $u | http://readingroom.main.prlib.ru/item.aspx?id_node=n104333514&mode=full |
| 605 | ## | $2 | acquisition_Prlib |
| | $3 | DITM\AF\0000003834 |
| | $a | Народ |
| | $l | коллекция |
| 605 | ## | $2 | acquisition_Prlib |
| | $3 | DITM\AF\0000004461 |
| | $a | Россия и страны мира |
| | $l | коллекция |
| 686 | ## | $a | 74.03(2)52ю11 |
| | $2 | rubbk |
| | $v | LBC/M |
| 686 | ## | $a | 63.3(2)52-284.2ю11 |
| | $2 | rubbk |
| | $v | LBC/M |
| 606 | 1# | $a | Юридическое образование |
| | $x | История |
| | $y | Россия |
| | $j | Архивные дела |
| | $2 | nlr_sh |
| | $3 | RU\NLR\AUTH\661546125 |
| 606 | 1# | $a | Студенты-юристы |
| | $j | Архивные дела |
| | $2 | prlib_sh |
| | $3 | LIBNET\UAF\0000099941 |
| | $x | Обучение |
| | $x | Финансирование |
| 617 | ## | $2 | prlib_sh |
| | $a | Германия |
| 607 | ## | $2 | prlib_sh |
| | $3 | LIBNET\UAF\0000099942 |
| | $a | Россия |
| | $j | Архивные дела |
| | $x | Научные связи |
| | $y | Германия |
| 607 | ## | $a | Германия |
| | $j | Архивные дела |
| | $x | Научные связи |
| | $y | Россия |
| | $2 | prlib_sh |
| | $3 | LIBNET\UAF\0000099943 |